Condiciones geológicas de la quebrada de Ullún en relación con un proyectado dique de embalse (provincia de San Juan) (Record no. 26548)

MARC details
000 -LEADER
fixed length control field 01465cam a22002651 4500
001 - CONTROL NUMBER
control field gs 27000085
003 - CONTROL NUMBER IDENTIFIER
control field DLC
005 - DATE AND TIME OF LATEST TRANSACTION
control field 20260227111331.0
008 - FIXED-LENGTH DATA ELEMENTS--GENERAL INFORMATION
fixed length control field 911112s1926 ag bf 000 0 spa c
010 ## - LIBRARY OF CONGRESS CONTROL NUMBER
LC control number gs 27000085
035 ## - SYSTEM CONTROL NUMBER
System control number (OCoLC)24767036
040 ## - CATALOGING SOURCE
Original cataloging agency U. S. Geol. Survey. Libr.
Transcribing agency TxU
Modifying agency TxU
-- DLC
042 ## - AUTHENTICATION CODE
Authentication code premarc
050 00 - LIBRARY OF CONGRESS CALL NUMBER
Classification number QE231
Item number .A35 no. 25-26
100 1# - MAIN ENTRY--PERSONAL NAME
Personal name Gröber, Paul,
Dates associated with a name 1885-
245 00 - TITLE STATEMENT
Title Condiciones geológicas de la quebrada de Ullún en relación con un proyectado dique de embalse (provincia de San Juan)
Statement of responsibility, etc. Por Pablo Groeber y Augusto Tapia ...
260 ## - PUBLICATION, DISTRIBUTION, ETC.
Place of publication, distribution, etc. Buenos Aires,
Name of publisher, distributor, etc. Talleres gráficos del Ministerio de agricultura de la nación,
Date of publication, distribution, etc. 1926.
300 ## - PHYSICAL DESCRIPTION
Extent 25 p.
Other physical details 16 pl. (part fold.; incl. col. map, col. profile)
Dimensions 27 cm.
490 1# - SERIES STATEMENT
Series statement [Argentine Republic] Dirección general de minas, geología e hidrología. Publicación
Volume/sequential designation no. 25 y 26
500 ## - GENERAL NOTE
General note At head of title: República argentina. Ministerio de agricultura de la nación.
505 0# - FORMATTED CONTENTS NOTE
Formatted contents note No. 25. Sobre las condiciones geológicas reinantes en la región del proyectado dique de la quebrada de Ullún (provincia de San Juan) por Pablo Groeber.--no. 26. Condiciones geológicas de la quebrada de Ullún en relación con un dique de embalse (provincia de San Juan) por Augusto Tapia.
650 #0 - SUBJECT ADDED ENTRY--TOPICAL TERM
Topical term or geographic name entry element Geology
Geographic subdivision Argentina
-- San Juan (Province)
700 1# - ADDED ENTRY--PERSONAL NAME
Personal name Tapia, Augusto.
810 1# - SERIES ADDED ENTRY--CORPORATE NAME
Corporate name or jurisdiction name as entry element Argentina.
Subordinate unit Dirección General de Minas y Geología.
Title of a work Publicación ;
Volume/sequential designation no. 25 y 26.

No items available.

Powered by Koha